Państwa bez liter K,R,A,J - Statystyki

Ogólne statystyki
  • Ten quiz został rozwiązany 17 razy
    8 od ostatniego zresetowania
  • Średni wynik to 6 z 17
Statystyki odpowiedzi
Państwo % Poprawnych
Belize
67%
Chiny
67%
Chile
50%
Fidżi
50%
Niemcy
50%
Włochy
50%
Benin
33%
Czechy
33%
Egipt
33%
Filipiny
33%
Indie
33%
Lesotho
33%
Liechtenstein
33%
Togo
33%
Dżibuti
17%
Jemen
17%
Seszele
0%
Nie znaleziono quizów pasujących do podanych kryteriów
Rozkład punktacji
Procent ludzi z każdym wynikiem
Percentyl według liczby udzielonych odpowiedzi
Twoja historia wyników
Nie rozwiązałeś tego quizu od ostatniego zresetowania